|
|
แสดงรายละเอียดบรรณานุกรม |
|
|
Brief Record
: Get Marc (ISO 2709)
: E-mail record
: |
|
|
| LEADER 00000nama 2200000uu 4500 | |||
| 001 200160 | |||
| 003 ULIBM | |||
| 008 040531s|||| th m m a000 0 tha d | |||
| 020 978-974-482-075-4 | |||
| 041 tha | |||
| 050 WM 165 ส271ก 2551. | |||
| 100 สมภพ เรืองตระกูล. | |||
| 245 การฆ่าตัวตาย : การประเมินและการรักษา/ สมภพ เรืองตระกูล. | |||
| 260 กรุงเทพฯ. เรือนแก้วการพิมพ์. 2551. | |||
| 300 315 หน้า. | |||
| 600 1.มหาวิทยาลัยมหิดล. คณะแพทยศาสตร์ศิริราชพยาบาล. | |||
| 650 1.การฆ่าตัวตาย - - การป้องกัน. 2.โรคจิตเภท 3.พฤติกรรมการฆ่าตัวตาย. | |||
| 995 001 | |||
| คุณยังไม่ได้ล็อกอิน คุณสามารถมีกิจกรรมร่วมกับเว็บไซต์ได้ แต่ต้องล็อกอินก่อน :: |
|
| สถานะ | |||||||||
| 1. | หนังสือทั่วไป | WM 165 ส271ก 2551. | On Shelf ขอยืม | ||||||
| [แสดง 1/1 รายการ] | |||||||||
| รายการใกล้เคียง ผู้แต่ง [สมภพ เรืองตระกูล.]
|
BibComment |
| คอมเมนท์ทรัพยากรรายการนี้ |
|
|